000 00457nam a2200133Ia 4500
008 100415s9999 xx 000 0 und d
082 _b15013
_a598.2
245 _aAuk: 015356 - vol.10(1,2); 1893 [no.3,4 missing]: - vol.107(1-4); 1990
260 _c0
365 _b0
630 _aAuk: 015356 - vol.10(1,2); 1893 [no.3,4 missing]: - vol.107(1-4); 1990
730 _aAuk: 015356 - vol.10(1,2); 1893 [no.3,4 missing]: - vol.107(1-4); 1990
942 _cBOOK
999 _c597911
_d597908